000 00748nmm a2200205Ia 4500
008 251105s9999||||xx |||||||||||||||||und||
020 _a9788437096445
041 _aspa
100 _aPérez Cornejo, Manuel
245 0 _aLo trágico como ley del mundo y el humor como forma estética de lo metafísico :
_b Monografías situadas en los márgenes de la dialéctica real
264 _a[Madrid, España] :
_bPublicaciones de la Universidad de Valencia (PUV),
_c2015
300 _a152 páginas
490 _aEstètica&Crítica
650 _aPhilosophy, Ethics
700 _aPérez Cornejo, Manuel
700 1 _a Pérez Cornejo, Manuel
700 1 _a Bahnsen, Julius
856 _uhttps://public.digitaliapublishing.com/a/38882
942 _cCF
999 _c69911
_d69911